Ekonomický a menový vývoj Slovenska v roku 1994. 4
Z výročnej správy Národnej banky Slovenska. Hodnotenie vývoja peňažnej zásoby, vkladov a úverov za r. 1994. Štruktúra vkladov podľa subjektov a podľa času. Štruktúra úverov.
Gespeichert in:
| Format: | Buchkapitel |
|---|---|
| Sprache: | Slowakisch |
| Schlagworte: | |
| Tags: |
Keine Tags, Fügen Sie das erste Tag hinzu!
|
MARC
| LEADER | 00000naa a2200000 4500 | ||
|---|---|---|---|
| 001 | r018629 | ||
| 005 | 20221205101818.9 | ||
| 041 | 0 | |a slo | |
| 044 | |a SK | ||
| 245 | 1 | 0 | |a Ekonomický a menový vývoj Slovenska v roku 1994. 4 |
| 520 | |a Z výročnej správy Národnej banky Slovenska. Hodnotenie vývoja peňažnej zásoby, vkladov a úverov za r. 1994. Štruktúra vkladov podľa subjektov a podľa času. Štruktúra úverov. | ||
| 610 | 2 | 0 | |a Slovensko |
| 610 | 2 | 0 | |a 1994 |
| 610 | 2 | 0 | |a rast hospodársky |
| 610 | 2 | 0 | |a správy výročné |
| 610 | 2 | 0 | |a NBS Bratislava |
| 610 | 2 | 0 | |a zásoba peňažná |
| 610 | 2 | 0 | |a vklady |
| 610 | 2 | 0 | |a úver bankový |